| 000 | 00624nam a2200205 i 4500 | ||
|---|---|---|---|
| 001 | 86735 | ||
| 003 | ES-MaACL | ||
| 005 | 20251015063108.0 | ||
| 007 | t| | ||
| 008 | 041215s1966 sp ||||1| spa d | ||
| 100 | 0 |
_aKinross, Patrick Balfour, _cBarón _968081 |
|
| 245 | 1 | 0 |
_aAtaturk / _cPatrick Balfour Kinross ; [versión por Angel Arnau]. |
| 250 | _a[1ª ed.]. | ||
| 260 |
_aBarcelona : _bGrijalbo, _c1966. |
||
| 300 |
_a368 p., 4 lám. ; _c22 cm. |
||
| 600 | 1 | 4 |
_aAtatürk, Kemal ( _d1881-1938) _9159740 |
| 700 | 1 |
_aArnau, Angel. _923047 |
|
| 852 |
_aES-MaACL _jC-29964 _bR.60514 |
||
| 999 |
_c86735 _d86735 |
||